[Event "Florianopolis op 6th"]
[Site "Florianopolis"]
[Date "2020.01.23"]
[Round "5"]
[White "Dummer, Micael Schwenske"]
[Black "Andrade, Guilherme A de Sou"]
[Result "0-1"]
[WhiteElo "1629"]
[BlackElo "1913"]
[PlyCount "58"]
[EventDate "2020.01.20"]
[EventType "swiss"]
[EventRounds "10"]
[EventCountry "BRA"]
[SourceTitle "CBM 194 Extra"]
[Source "ChessBase"]
[SourceDate "2020.03.31"]
[SourceVersion "1"]
[SourceVersionDate "2020.03.31"]
[SourceQuality "1"]

1. e4 c5 2. b4 cxb4 3. d4 d5 4. e5 Bf5 5. Bd3 Bxd3 6. Qxd3 e6 7. a3 Nc6 8. Nf3 Qb6 9. Be3 Nge7 10. 0-0 Nf5 11. axb4 Bxb4 12. c3 Be7 13. Na3 Bxa3 14. Rxa3 0-0 15. Rb1 Qc7 16. Nd2 Na5 17. Rc1 Rfc8 18. Ra4 h6 19. Qb5 b6 20. Qa6 Qd7 21. Ra3 Rc7 22. Kf1 Rac8 23. Ke2 Qe7 24. Rxa5 bxa5 25. Qxa5 Rb7 26. Qa2 Rcb8 27. Ra1 Nxe3 28. fxe3 Qg5 29. Kf2 Rb2 0-1

[Event "Porto Alegre Metropole op 2nd"]
[Site "Porto Alegre"]
[Date "2019.08.04"]
[Round "4"]
[White "Dummer, Micael Schwenske"]
[Black "Da Silva, Joao Carlos Orguim"]
[Result "0-1"]
[WhiteElo "1631"]
[BlackElo "1793"]
[PlyCount "56"]
[EventDate "2019.08.02"]
[EventType "swiss"]
[EventRounds "5"]
[EventCountry "BRA"]
[SourceTitle "EXT 2020"]
[Source "ChessBase"]
[SourceDate "2019.10.17"]
[SourceVersion "1"]
[SourceVersionDate "2019.10.17"]
[SourceQuality "1"]

1. e4 c5 2. b4 cxb4 3. d4 d5 4. e5 e6 5. a3 Nc6 6. Nf3 h6 7. Bd3 Nge7 8. axb4 Nxb4 9. Na3 Nxd3+ 10. Qxd3 Nc6 11. 0-0 Be7 12. h3 0-0 13. c3 b6 14. Nc2 Na5 15. Ne3 Nb3 16. Ra2 Nxc1 17. Rxc1 a5 18. Rb1 Ba6 19. Qd2 b5 20. Nc2 Qc7 21. g4 Rfc8 22. Qd1 Qxc3 23. Kg2 Qc7 24. h4 b4 25. g5 h5 26. Nfe1 g6 27. Nd3 Bxd3 28. Qxd3 Qc4 0-1